Zitate von Präsidenten vervollständigen - Statistiken

Allgemein
  • Dieses Quiz wurde 63 mal gespielt
  • Das Durchschnittsergebnis liegt bei 3 aus 10
Antwortstatistiken
Zitat fehlendes Zitat-Teil % Korrekt
„Make america great _______.“ ~ Donald Trump again
96%
„Do what you can, with what you ____, where you are." ~ Theodore Roosevelt have
64%
„A smooth sea never made a skilled ______." ~ Franklin Delano Roosevelt sailor
34%
„We, the people, elect leaders not to ____, but to serve.“ ~ Dwight Eisenhower rule
32%
„A man may die, nations may rise and fall, but an ____ lives on." ~ John F. Kennedy idea
24%
„We know what works. _______ works. We Know whats right. ________ is right“ ~ George W. Bush Freedom
14%
„We are a people of improbable ____.“ ~ Barack Obama hope
8%
„Nothing valuable can be lost by taking ____.“ ~ Abraham Lincoln time
8%
„If the problem is _____, the answer is knowledge." ~ Joe Biden fear
6%
„Do your best, _____ will do the rest." ~ Harry S. Truman history
4%
Keine übereinstimmenden Quizze gefunden
Verteilung der Resultate
Anzahl Personen mit jedem Resultat
Perzentil nach korrekt beantworteten Fragen
Ihre Resultats-Entwicklung
Sie haben dieses Quiz noch nicht gespielt